000 01014nam a2200301 i 4500
003 EG-GICUC
005 20260212174644.0
008 260212s1969 fr ||||fr ||| 000 0 fre d
040 _aEG-GICUC
_bfre
_cEG-GICUC
_dEG-GICUC
_erda
041 _afre
082 0 4 _221
_a341.63
_bFI . N
092 0 4 _221
099 _aLaw1 11 341.63 FI . N 1969
100 1 _a Fischer, Georges
_eAuteur
245 1 3 _aLa Non-prolifération Des Armes Nucléaires /
_cPar Georges Fischer.
264 1 _aParis :
_bLibrairie Générale De Droit Et De Jurisprudence,
_c1969.
300 _a244 Pages ;
_c30 cm.
_billustration ;
336 _atext
_2rda content
337 _aComputer
_2rda media
338 _aOnline Resource
_2rda carrier
504 _aBibliography: pages 200-250. 240-220
546 _aTexte en français
650 0 4 _aConduite de la guerre
_2qrmak
_x (armes et méthodes de guerre)
651 1 _2qrmak
856 _uhttps://fll.law.cu.edu.eg/fulltext/th/B11-07351.pdf
905 _a79
942 _2ddc
_cBK
_e21
_n0
999 _c62908
_d62908